00454nam a2200169 a 450000100060000000300090000600800410001504000280005608200190008410000310010324500400013426000290017430000090020365000160021265000240022865000320025212383CO-ViMGA141112s2004 ck r 000 u spa d aCO-ViMGAbspacCO-ViMGA04a349.8602 C65r21 aLopez, Blanco Hernan Fabio10aReforma del codigo de procedimiento aBogotá : bABC, c1990 a45p.14aLEGISLACION14aPROCEDIMIENTO CIVIL14aREFORMA PROCESAL CIVIL 1989